| 000 | 00644nam a2200193 4500 | ||
|---|---|---|---|
| 999 |
_c168942 _d168942 |
||
| 005 | 20191031165905.0 | ||
| 010 | _aENG-126771 | ||
| 020 |
_a9789386806130 _c1495.00 |
||
| 035 | _aEN-110303 | ||
| 037 | _bDBAD/PUB | ||
| 082 | _a709.05 | ||
| 100 | _aMadhu Rani | ||
| 245 |
_aContemporary artists and thinkers / _cby Madhu Rani |
||
| 260 |
_aNew Delhi _bIshwar Books _c2018 |
||
| 270 |
_aB-29, Arya Nagar CGHS Ltd., Plot No-91, I.P.Extension _bPatparganj, New Delhi _e110092 _mishwarbooks@gmail.co, |
||
| 300 |
_av;296p. _c24cm(Hb) |
||
| 500 | _aIncludes bibliographical references and index | ||
| 942 |
_2ddc _cEN _h709.05 _mMAD |
||